Businness management / (Record no. 891784)

MARC details
000 -LEADER
fixed length control field 00801nam a2200301 a 4500
001 - CONTROL NUMBER
control field vtls001439337
003 - CONTROL NUMBER IDENTIFIER
control field NLI
005 - DATE AND TIME OF LATEST TRANSACTION
control field 20210627122023.0
008 - FIXED-LENGTH DATA ELEMENTS--GENERAL INFORMATION
fixed length control field 121130n ii 000 0 eng
020 ## - INTERNATIONAL STANDARD BOOK NUMBER
Terms of availability Rs.95.00
039 #9 - LEVEL OF BIBLIOGRAPHIC CONTROL AND CODING DETAIL [OBSOLETE]
-- 201211301647
-- VLOAD
040 ## - CATALOGING SOURCE
Original cataloging agency NLI
Language of cataloging eng
Transcribing agency Datasoft_GENG
Description conventions AACR2
041 0# - LANGUAGE CODE
Language code of text/sound track or separate title eng
044 ## - COUNTRY OF PUBLISHING/PRODUCING ENTITY CODE
MARC country code ii
082 04 - DEWEY DECIMAL CLASSIFICATION NUMBER
Classification number 658
100 1# - MAIN ENTRY--PERSONAL NAME
Personal name Satyanand, Mohit
9 (RLIN) 1003614
245 10 - TITLE STATEMENT
Title Businness management /
Statement of responsibility, etc. Mohit Satyanand
260 ## - PUBLICATION, DISTRIBUTION, ETC.
Place of publication, distribution, etc. New Delhi :
Name of publisher, distributor, etc. Lotus Books,
Date of publication, distribution, etc. [n.d.]
300 ## - PHYSICAL DESCRIPTION
Extent 85 p. ;
Dimensions 20 cm.
650 #0 - SUBJECT ADDED ENTRY--TOPICAL TERM
Topical term or geographic name entry element Business management
9 (RLIN) 733813
650 #0 - SUBJECT ADDED ENTRY--TOPICAL TERM
Topical term or geographic name entry element Management
9 (RLIN) 699479
887 ## - NON-MARC INFORMATION FIELD
Content of non-MARC field
901 ## - LOCAL DATA ELEMENT A, LDA (RLIN)
a DB64180
b 04.10.1993
902 ## - LOCAL DATA ELEMENT B, LDB (RLIN)
a E 658 Sa 84
904 ## - LOCAL DATA ELEMENT D, LDD (RLIN)
l 179
949 ## - LOCAL PROCESSING INFORMATION (OCLC)
-- VIRTUAITEM
-- 10000
-- 100
6 DBA000064180ENG
942 ## - ADDED ENTRY ELEMENTS (KOHA)
Source of classification or shelving scheme Dewey Decimal Classification
Koha item type Books
Holdings
Withdrawn status Lost status Damaged status Not for loan Collection code Home library Current library Shelving location Date acquired Total Checkouts Full call number Barcode Date last seen Price effective from Koha item type
        New English National Library of India National Library of India New English - Main Stack Division     E 658 Sa 84 DBA000064180ENG 27/06/2021 27/06/2021 Books
                                                                           
web counter

Copyright ©2020 The National Library of India, Govt. of India ↔ Hosted by NVLI, MOC ↔ Technology and Design by National Library of India, Ministry of Culture, Govt. of India